Poesía francesa (Record no. 80702)

MARC details
000 -LEADER
campo de control de longitud fija 00408nam a2200145 i 4500
001 - NÚMERO DE CONTROL
campo de control 80702
003 - IDENTIFICADOR DE NÚMERO DE CONTROL
campo de control ES-MaACL
007 - CAMPO FIJO DE DESCRIPCIÓN FÍSICA--INFORMACIÓN GENERAL
campo de control de longitud fija t|
008 - DATOS DE LONGITUD FIJA--INFORMACIÓN GENERAL
campo de control de longitud fija 041029s1954 sp ||||1| spa d
100 1# - ENTRADA PRINCIPAL--NOMBRE DE PERSONA
Nombre de persona Holguin, Andrés.
9 (RLIN) 64013
245 10 - MENCIÓN DEL TÍTULO
Título Poesía francesa
Resto del título : antología /
Mención de responsabilidad, etc. Andrés Holguin.
260 ## - PUBLICACIÓN, DISTRIBUCIÓN, ETC.
Lugar de publicación, distribución, etc. Madrid :
Nombre del editor, distribuidor, etc. Guadarrama,
Fecha de publicación, distribución, etc. 1954 (
Fabricante Castilla)
300 ## - DESCRIPCIÓN FÍSICA
Extensión 702 p. ;
Dimensiones 24 cm.
852 ## - LOCALIZACIÓN
Ubicación ES-MaACL
Número de control de estantería C-9051
Sublocalización o colección R.37218
Holdings
Estatus retirado Estado de pérdida Estado de daño No para préstamo Biblioteca de origen Biblioteca actual Ubicación en estantería Fecha de adquisición Fuente de adquisición Total de préstamos Signatura topográfica completa Código de barras Visto por última vez Precio de reemplazo Tipo de ítem Koha
        Biblioteca del Ateneo de Madrid Biblioteca del Ateneo de Madrid Sala Palomar 17/01/2008     C-9051 1084375 23/02/2023 23/02/2023 Libro impreso